| 000 | 00927nam a2200253 i 4500 | ||
|---|---|---|---|
| 001 | 188848 | ||
| 003 | SpMaBN | ||
| 005 | 20240102121909.0 | ||
| 008 | 190219s2007 sp af |||| | spa d | ||
| 020 | _a978-84-672-2695-9 | ||
| 080 | _a94(100)(089.3) | ||
| 100 | 1 |
_aSierra, Javier ( _d1971-) _9147835 |
|
| 245 | 1 | 3 |
_aLa ruta prohibida y otros enigmas de la historia / _cJavier Sierra. |
| 260 |
_aBarcelona : _bCírculo de Lectores, _c[2007] |
||
| 300 |
_a325 p., [16] p. de lám. col. : _bil. ; _c23 cm. |
||
| 500 | _aÍndice onomástico. | ||
| 504 | _aReferencias bibliográficas. | ||
| 650 | 7 |
_aHistoria universal- _vCuriosidades. _913431 |
|
| 852 |
_aES-MaACL _jA-14362 _zEncuadernación en cartoné _9195982 _bR.151542 _cDEPO1 _dOlim: N-7362 _hDonación: Javier sierra |
||
| 903 |
_9147835 _aSierra, Javier ( _d1971-) _ednr |
||
| 942 |
_2udc _cMONOGRAFIA |
||
| 999 |
_c188848 _d188848 |
||